| 000 | 00742nam a22002057a 4500 | ||
|---|---|---|---|
| 999 |
_c1456 _d1456 |
||
| 003 | AR-CdUCM | ||
| 008 | 190227b ||||| |||| 00| 0 spa d | ||
| 040 |
_aMUNICIPALIDAD PROVINCIAL DEL CUSCO _cBIBLIOTECA MUNICIPAL DEL CUSCO |
||
| 082 |
_a348.6185 / _bS85 |
||
| 100 |
_aSuarez Sandoval, Miguel A. _95510 |
||
| 245 | _aLa comunidad laboral Peruana / | ||
| 260 |
_aLima : _bImpresiones Moreno , _c1973. |
||
| 300 |
_a188 páginas ; _c22 cm. |
||
| 505 | _aLey general de industrias -- Ley de comunidad industrial -- Ley general de pesqueria -- Ley general de minería... | ||
| 650 |
_aLey de pesquería. _95511 |
||
| 650 |
_aLey de minería. _95512 |
||
| 650 |
_aLey de industrias. _95513 |
||
| 942 |
_2ddc _cLIBROS |
||
| 945 |
_awfj _d2019-02-27 |
||